|
|
|
|
| LEADER |
00000nam a2200000 a 4500 |
| 001 |
vtls001379295 |
| 003 |
SK-MaSNL |
| 005 |
20260302000706.0 |
| 008 |
240509s1999 xo ap r yy slo |
| 015 |
|
|
|a SNBA2000/02-00602
|
| 020 |
|
|
|a 8080401101
|
| 035 |
|
|
|a SNK000333266
|
| 035 |
|
|
|a urn:nbn:sk:snk-amkkgh
|
| 035 |
|
|
|a urn:nbn:sk:snk-am003d09
|
| 035 |
|
|
|a 6BFEE4F6-AF16-4D44-AEBC-6CFEC2B7CC40
|
| 040 |
|
|
|a SNK
|b slo
|c SNK
|e AACR2
|
| 041 |
0 |
|
|a slo
|
| 044 |
|
|
|a xo
|c SK
|
| 080 |
|
|
|a 796/799:355/359(075.8)
|2 1981
|
| 100 |
1 |
|
|a Pápay, Ján,
|d 1953-
|4 aut
|9 114568
|
| 245 |
1 |
0 |
|a Teória telesnej výchovy pre študentov Vojenskej akadémie
|c Ján Pápay
|
| 260 |
|
|
|a V Liptovskom Mikuláši
|b Vojenská akadémia
|c 1999
|
| 300 |
|
|
|a 34 s.
|b tab.
|c 21 cm
|
| 500 |
|
|
|a 30 výt.
|
| 504 |
|
|
|a Bibliogr. s. 34
|
| 650 |
0 |
7 |
|a výchova telesná
|x teória
|2 SNK
|9 635624
|
| 655 |
|
7 |
|a Textbooks (higher)
|2 SNKPHeng
|9 276436
|
| 655 |
|
7 |
|a učebnice vysokých škôl
|2 SNKPH
|9 70191
|
| 752 |
|
|
|d Liptovský Mikuláš
|
| 919 |
|
|
|a 80-8040-110-1
|
| 958 |
|
|
|a TL
|
| 958 |
|
|
|a NB
|
| 958 |
|
|
|a UV
|
| 958 |
|
|
|a BQ
|
| 999 |
|
|
|c 980686
|d 982616
|
| 952 |
|
|
|t P60, <03>, [BOOK], {603}
|a SNK
|b SNK
|y PREZ
|7 0
|p 17A0222380
|o snkSC 100427
|i snkKSP 34/2000
|0 0
|1 0
|4 0
|d 1999-12-16
|f 1
|l 0
|r 2025-09-19 00:00:00
|w 2026-02-24
|
| 952 |
|
|
|t P60, <04>, [BOOK], {604}
|a SNK
|b SNK
|y VYP
|7 0
|p 17A0222381
|o snkSC 100427 D1
|i snkKSP 35/2000
|0 0
|1 0
|4 0
|d 1999-12-16
|l 0
|r 2005-01-02 00:00:00
|w 2026-02-24
|